000 01313cam a22003257a 4500
003 CHAP
005 20220817043748.0
008 000427d1995 tw a r 00010 eng d
010 _a83711
011 _a84683
035 _a95209
040 _cCHAP
090 _aFolleto 16131
110 _aFood and Fertilizer Technology Center for the Asian and Pacific Region
245 1 0 _a30 years of the Food and Fertilizer Technology Centrer for the Asian and Pacific region :
_bserving the region's farmers 1970-2000
_c/by Food and Feertilizer Technology Center for the Asian and Pacific Regions
260 _aTaipei, Taiwan :
_bFood and Fertilizer Technology Center,
_c2000?.
300 _a28 p.
410 _aFood and Fertilizer Technology Center for the Asian and Pacific Region
590 _aBATCH-UPD
_b10
_c20130110
_lUCH01
_h2040
590 _aBATCH-UPD
_b10
_c20130410
_lUCH01
_h1354
590 _aBATCH-UPD
_b10
_c20130914
_lUCH01
_h1707
590 _aCONVERSION
_b10
_c20130109
_lUCH01
_h1347
650 1 4 _aAgricultura
_xAsia.
_91194
650 1 4 _aPolítica agrícola
_zAsia.
_990381
810 _aFood and Fertilizer Technology Center for the Asian and Pacific Region
901 _aBK
905 _aPatricia Mendoza P.
942 _cFOLL
949 _aFolleto 16131
_bBC
_cFOLL
_d952091
_eTS1
_i95209
_kDonaciØn
_sb
999 _c83711
_d83711